MDQL
is popping MORE tags! Check the
thread
!
Quizzes
Events
Quiz Creation
Community
Videos
Private Events
Remove Ads
Sign In
Join for FREE
Feedback
Dark Mode
Quiz Categories
Sports
Geography
Music
Movies
Television
Just For Fun
Miscellaneous
History
Literature
Language
Science
Gaming
Entertainment
Religion
Holiday
For Kids
Quiz Lab
Recent
Popular Today
Quiz Kudos Today
Editor Picks
Curator Picks
Quizzes by...
Day
Popularity
Type
Ratings
Length
Year
Community
Subscriptions
Recent Discussions
Orange Saloon
Badges
Playlists
Quests
Create
Leaderboards
Showdown
Live 5
Trivia Bingo
Activity
Puzzle Library
Sporcle Events
Private Events
Virtual Trivia
Globe League
Become a Host
Pub Owners
SporcleCon
Opinionation
Our Games
Videos
Blog
Mobile Apps
Partnerships
Remove Ads and Go Orange
Feedback
Sports
Athletes
MLB
NBA
NHL
NFL
Soccer
Sports Teams
WWE
NCAA
Football
Premier League
Basketball
Baseball
Hockey
Golf
Tennis
Cricket
Rugby
Auto Racing
Olympics
World Cup
Sports
Athletes
MLB
NBA
NHL
NFL
Soccer
Sports Teams
WWE
NCAA
Football
Premier League
Basketball
Baseball
Hockey
Golf
Tennis
Cricket
Rugby
Auto Racing
Olympics
World Cup
Random Quiz
Search Sporcle
×
Quiz Lab
Quiz Lab
Sports
NBA
Type in answers that appear in a list
Type in answers that appear in a list
Classic
Best Score? Go Orange.
NBA Year-by-Year Turnover Leaders Stats
Can you name the NBA Year-by-Year Turnover Leaders
By
DVJS
10m
21 Questions
221 Plays
221 Plays
221 Plays
Comments
Comments
Give Quiz Kudos
Give Quiz Kudos
-
- Ratings
hide this ad
More Info
Replay
Link that replays current quiz
Next Quiz
Link to next quiz in quiz playlist
You Got
0%
They Got
Avg Score
48%
Avg Friend Score
Upgrade to see
Score Distribution
Jump to the score distribution portion of the page
Score
0/21
Timer
10:00
0
Plays Today
Hint
Answer
% Correct
2007-
2008
Steve Nash
82.4%
2009-
2010
Steve Nash
82.4%
1995-
1996
Jason Kidd
79.2%
2001-
2002
Jason Kidd
79.2%
1996-
1997
Allen Iverson
75.1%
2004-
2005
Allen Iverson
75.1%
1992-
1993
Shaquille O'Neal
62.4%
2008-
2009
Russell Westbrook
55.7%
2010-
2011
Russell Westbrook
55.7%
2006-
2007
Dwight Howard
44.3%
2003-
2004
Paul Pierce
43.4%
Hint
Answer
% Correct
1993-
1994
Jim Jackson
38.9%
2011-
2012
John Wall
36.7%
1994-
1995
Glenn Robinson
34.4%
1997-
1998
Antoine Walker
31.7%
2005-
2006
Gilbert Arenas
30.8%
2002-
2003
Steve Francis
30.3%
2012-
2013
James Harden
29%
1999-
2000
Jerry Stackhouse
22.2%
2000-
2001
Jerry Stackhouse
22.2%
1998-
1999
Shareef Abdur-Rahim
8.6%
Quiz Playlist
Details
Report
Send in Message
Add To Playlist
More Info:
NBA Year-by-Year Regular Season Leader in Total Turnovers
Classic:
Type in answers that appear in a list
Last Updated: Feb 16, 2017
Quiz Scoreboard
CHALLENGE
Sign Up to Join the Scoreboard
Show All
Scores
Hide
Comments
May contain spoilers
Recently Published
Street Fighter Characters
by Artimus82
Gaming
60s
9x9 Crossword: Cartoon Network
by jackfrog10
Miscellaneous
3m
College Basketball Coaching Resumes
by pancakes188
Sports
9m
More to Explore
Quiz From the Vault
Featured Blog Post
Where Did the Easter Bunny Come From?
hide this ad
You Might Also Like...
Tags
Basketball Quiz
NBA Quiz
Leader
Turnover
Today's Top Quizzes in Sports
Browse Sports
hide this ad
Today's Top Quizzes in NBA
Browse NBA
Top Contributed Quizzes in Sports
1
2022 World Cup Stars
2
Les meilleurs buteurs des matchs entre le PSG et l’OM
3
FIFA Club World Cup Champions
4
Les entraîneurs de l'OM et du PSG au 21e siècle
5
Criteria MLB: Left Handed Sluggers
6
2023 MLB Unique Player Accomplishments
7
AFC Teams Reveal (Wrong Answers Minefield)
8
5-to-1: FBS Animal Nicknames
9
Players with Multiple 50 Home Run Seasons
10
5-to-1: UK Sports Teams
Explore More
Trending Topics
Kpop
Marvel
NBA
Harry Potter
Disney
Crossword
Anime
The Office
Pokémon
Soccer
Puzzle
WWE
Song
NFL
Country
hide this ad
More By:
DVJS
Quiz
Plays
Rating
Category
Featured
Created
Top Scoring Kevin's In NBA History
2,968
4.83
Sports
Sep 12, 2014
Top Scoring David (Dave)'s In NBA History
333
5.00
Sports
Sep 21, 2014
NBA Year-by-Year Turnover Leaders
221
5.00
Sports
Jan 11, 2014
NBA Draft - Pick 17 - 1992 to 2015
184
3.00
Sports
Aug 11, 2015
Lakers All-Time 3-Pt Field Goals
137
2.33
Sports
Jan 14, 2014
Go to Creator's Profile
Score Distribution
Quiz Creator Spotlight
DVJS
Follow
Send a Message
Quizzes Created
-
Created Quiz Play Count
-
More By This Creator
Popular Quizzes Today
1
Find the US States - No Outlines Minefield
2
Find the Countries of Europe - No Outlines Minefield
3
The Countries of the World
4
Find the US States
5
Risky Map Clicking: Biggest States A-Z
6
US States
7
Popular People in 1961
8
Movies - When Are They Set?
More Sports Quizzes
Who's wrestling Matt Hardy?
Quiz Lab
Trending Quizzes
Risky Map Clicking: Least Populous States A-Z
Countries of the World: 200 Million BC
1-10 Letter G Words
Risky Map Clicking: Next State Alphabetically
Adjectives in 80s TV Shows
Recently Updated
Leaping Animals
pecheneg
Reality TV Shows (A-Z)
bhenderson79
Rickey Henderson's Hall of Fame Teammates
pecheneg
Champions League XIs: Arsenal
pecheneg
Quick Pick: Celebrities in WWE's Hall of Fame
aduchscher
A-Z Keypad Blitz II
pecheneg
Multiple Oscar Actors
pecheneg
Mystery Phrase Blitz: Oscar 'Best Actors'
pecheneg
F. Scott Fitzgerald Novels
LTH
Pick 3 Villains
ddd62291
Trending Topics
Harry Potter
NBA
Marvel
Anime
Disney
Crossword
Kpop
Soccer
NFL
The Office
Country
WWE
Pokémon
Puzzle
Song
Your Account Isn't Verified!
In order to create a playlist on Sporcle, you need to verify the email address you used during registration. Go to your
Sporcle Settings
to finish the process.
Report this User
Report this user for behavior that violates our
Community Guidelines
.
Details:
Send Report
Go to the Sporcle.com Mobile Site →
Comments